| 000 | 00484nam a22001697a 4500 | ||
|---|---|---|---|
| 005 | 20260417170517.0 | ||
| 008 | 260417b |||||||| |||| 00| 0 eng d | ||
| 020 | _a9788178224800 | ||
| 040 | _cUniversity Library | ||
| 082 | _a0011374 | ||
| 100 | _aIyengar, Prashant S. | ||
| 245 | _aAshtanga Yoga of Patanjali (Philosophy, Religion Culture, Ethos and Practices) | ||
| 250 | _a2016 | ||
| 260 |
_aNew Delhi _bNew Age Books |
||
| 300 | _c21.5 cm x 14 cm | ||
| 942 |
_2ddc _cREF _k001374 |
||
| 999 |
_c1236 _d1236 |
||